| 000 | 00381 a2200145 4500 | ||
|---|---|---|---|
| 001 | 68177 | ||
| 020 | _a9780878492688 | ||
| 082 | _a620.11 AFZ | ||
| 090 |
_c38651 _d38651 |
||
| 100 | _aShaheed Khan | ||
| 245 | _aAdvanced Materials XI | ||
| 260 |
_aSwitzerland _bTrans Tech Publications _c2009 |
||
| 300 | _aX .468.p | ||
| 700 | _4Shaheed Khan,Iftikhar Us Salam And Karim Ahmed | ||
| 942 |
_aNUST-CAE _k620.11 SHA |
||
| 999 |
_c303250 _d303250 |
||